Math - Using the Presidents - Statistics

General Stats
  • This quiz has been taken 11 times
    8 since last reset
  • The average score is 6 of 12
Answer Stats
Hint Answer % Correct
The number of Presidents who died in office, times the number of Vice-Presidents Nixon had throughout his Presidency. 16
100%
The presidential number of George W. Bush, minus the presidential number of George H.W. Bush. 2
100%
The number of Presidents who were born with the name "John", times the number of presidents who were born with the name "James." 30
60%
The two presidential numbers of Grover Cleveland added together. 46
60%
The number of Presidents born in Virginia, divided by the number of months William Henry Harrison served as President. 8
60%
John F. Kennedy's torpedo patrol boat number plus the number of Presidents who were never associated with a political party. 110
40%
The year LBJ became President, minus the number of father/son Presidential pairs in US history. 1961
40%
The year Barack Obama was reelected, minus the presidential number of Abraham Lincoln. 1996
40%
The number of Democratic Presidents between 1900-2000, times the number of Federalist Presidents. 7
40%
The age of the youngest person to be President, plus the age of the youngest person elected President. 85
40%
The election (not inaugural) year of Thomas Jefferson's first victory, divided by the number of times FDR was elected. 450
20%
The dollar value of all common currency with George Washington on the front plus the dollar value of all common currency with Abraham Lincoln on the front. $6.26
20%
No matching quizzes found
Score Distribution
Percent of People with Each Score
Percentile by Number Answered
Your Score History
You have not taken this quiz since the last reset